[Event "Stari Zednik"]
[Site "Stari Zednik"]
[Date "2017.06.21"]
[Round "5"]
[White "Kovacs Kalic, Sandor"]
[Black "Vesic, Sinisa"]
[Result "1-0"]
[WhiteElo "1702"]
[BlackElo "1617"]
[PlyCount "121"]
[EventDate "2017.06.14"]
[EventType "swiss"]
[EventRounds "9"]
[EventCountry "SRB"]
[SourceTitle "CBM 179 Extra"]
[Source "ChessBase"]
[SourceDate "2017.08.23"]
[SourceVersion "1"]
[SourceVersionDate "2017.08.23"]
[SourceQuality "1"]

1. c4 e5 2. e3 Nf6 3. Nc3 Nc6 4. Nge2 d5 5. cxd5 Nxd5 6. a3 a5 7. Ng3 g6 8. Be2 Nxc3 9. bxc3 Bg7 10. Bb2 0-0 11. Qb3 Rb8 12. Rd1 Be6 13. Qc2 b5 14. d4 exd4 15. cxd4 Ne7 16. Rc1 c6 17. 0-0 Rc8 18. Rfd1 a4 19. Qc5 f5 20. Bc3 Rf7 21. Bb4 Nd5 22. Rb1 Bf8 23. Qc1 Bxb4 24. axb4 Ra7 25. Rd3 Qe7 26. Qa3 f4 27. exf4 Nxf4 28. Re3 Nxe2+ 29. Nxe2 Qf6 30. Nc3 Bc4 31. Re5 Rf8 32. Ne4 Qh4 33. f3 Bd5 34. g3 Qd8 35. Re1 Bb3 36. Qb2 Rxf3 37. Nd2 Rd3 38. Re8+ Qxe8 39. Rxe8+ Kf7 40. Re1 a3 41. Qc1 a2 42. Nxb3 Rxb3 43. Qf4+ Kg7 44. Qe5+ Kh6 45. Qf4+ Kg7 46. Qf1 Rxb4 47. Ra1 Rxd4 48. Qc1 Rad7 49. Qb2 Kh6 50. Qxa2 Rd1+ 51. Rxd1 Rxd1+ 52. Kf2 c5 53. Qc2 Rd5 54. Ke3 c4 55. h4 Kg7 56. Qc3+ Kf7 57. Qb4 h5 58. Ke4 Rf5 59. Qd6 Kg7 60. Qd4+ Kh6 61. Qh8# 1-0

[Event "Subotica-ch op"]
[Site "Subotica"]
[Date "2016.03.07"]
[Round "7"]
[White "Vesic, Sinisa"]
[Black "Nikolic, Branko"]
[Result "1-0"]
[WhiteElo "1699"]
[BlackElo "1493"]
[PlyCount "45"]
[EventDate "2016.02.22"]
[EventType "swiss"]
[EventRounds "9"]
[EventCountry "SRB"]
[SourceTitle "CBM 171 Extra"]
[Source "ChessBase"]
[SourceDate "2016.04.26"]
[SourceVersion "1"]
[SourceVersionDate "2016.04.26"]
[SourceQuality "1"]

1. e4 d5 2. exd5 Qxd5 3. Nc3 Qa5 4. Bb5+ c6 5. Bc4 Bg4 6. Qxg4 Nf6 7. Qc8+ Qd8 8. Qxb7 Nbd7 9. Qxc6 g6 10. Nf3 Bg7 11. Ng5 0-0 12. Qf3 Ne5 13. Qf4 Nxc4 14. Qxc4 Qd6 15. Qh4 Rfe8 16. 0-0 e6 17. d3 Rab8 18. Nce4 Qe5 19. Bf4 Qb5 20. Nxf6+ Bxf6 21. Qxh7+ Kf8 22. Bd6+ Re7 23. Qxf7# 1-0